000 00425nam a2200145Ia 4500
008 240429s9999||||xx |||||||||||||| ||und||
041 _aeng
082 _aPM/TWSP/20
100 _aParliament of Ghana
245 0 _aRequest For Execution Approval For The Techiman Water Supply Project
300 _a43p;tabs
650 _aRequest For Execution Approval For The Techiman Water Supply Project
942 _cMOU
999 _c2147
_d2147